| 000 | 01186cam a2200193 4500 | ||
|---|---|---|---|
| 008 | 021023n2002 000 0 eng u | ||
| 035 | _a(Sirsi) u120223 | ||
| 245 | _aHazardous waste landfill sites unveiled | ||
| 260 | _c2002 | ||
| 490 |
_aRICS Rural Professional _vOctober/November 2002, 15(1) |
||
| 520 | _aIn the first phase implementation of the landfill directive around 220 of the 1 300 landfill sites across England and Wales have been nominated to become sites specialising in hazardous waste. To comply with the landfill directive and the requirements of the Integrated pollution prevention and control directive operators will have to obtain new operating permits and for sites receiving hazardous waste, this has to be completed by 16 July 2004. For a list of sites for which a conditioning plan has been accepted and landfills classified as able to accept 'hazardous waste': http://www.environment-agency.gov.uk/business/wasteman/landfill/351711 | ||
| 590 | _aWB | ||
| 650 | _aLANDFILL SITES | ||
| 650 | _aHAZARDOUS WASTE | ||
| 650 | _aDIRECTIVE 99/31/EC | ||
| 650 | _aIPPC DIRECTIVE | ||
| 690 | _aENVIRONMENTAL AND LAND CONSULTANCY-WASTE MANAGEMENT | ||
| 942 | _n0 | ||
| 999 |
_c71419 _d71419 |
||